书目信息 |
| 题名: |
企业权力的学问
|
|
| 作者: | 卢卡斯 著 | |
| 分册: | ||
| 出版信息: | 上海 上海人民出版社 2000.05 |
|
| 页数: | 349页 | |
| 开本: | 32开 | |
| 丛书名: | ||
| 单 册: | ||
| 中图分类: | F272.91 | |
| 科图分类: | ||
| 主题词: | 企业经济 | |
| 电子资源: | ||
| ISBN: | 7-208-03400-1 | |
| 000 | 00571nam0 2200193 45 | |
| 001 | 0104111071 | |
| 005 | 20010411104100.6 | |
| 010 | @a7-208-03400-1@d17.80元 | |
| 100 | @a20010411d2000 km y0chiy0120 ea | |
| 101 | 0 | @achi |
| 105 | @a z 000yy | |
| 200 | 1 | @a企业权力的学问@AQi Ye Quan Li De Xue Wen@f(美)卢卡斯著;刘永涛译@F(Mei)Lu Ka Si Zhu;Liu Yong Tao Yi |
| 210 | @a上海@c上海人民出版社@d2000.05 | |
| 215 | @a349页@d32开 | |
| 606 | 0 | @a企业经济 |
| 690 | @aF272.91@v3 | |
| 701 | 0 | @a卢卡斯@4著 |
| 801 | @aCN@bPftUser@c20010411 | |
| 905 | @b337572-574@dF272.91@eL760@f3 | |
| 企业权力的学问/(美)卢卡斯著;刘永涛译.-上海:上海人民出版社,2000.05 |
| 349页;32开 |
| ISBN 7-208-03400-1:17.80元 |
| ● |
| 相关链接 |
|
|
|
正题名:企业权力的学问
索取号:F272.91/L760
 
预约/预借
| 序号 | 登录号 | 条形码 | 馆藏地/架位号 | 状态 | 备注 |
| 1 | 337572 | 203375720 | 社科二线422/422社科库 12排2列1层/ [索取号:F272.91/L760] | 在馆 | |
| 2 | 337573 | 203375739 | 社科二线422/422社科库 13排1列6层/ [索取号:F272.91/L760] | 在馆 | |
| 3 | 337574 | 203375748 | 社科库409/409社科库 89排2列2层/ [索取号:F272.91/L760] | 在馆 |